000 00728cam a2200277 4500
001 J88738
008 090401t1997 xxu||||| |||| 00| 0 eng d
035 _a(Sirsi) u83128
041 _aeng
050 _a333.337
110 _aGrimley
_92421
245 _aSurvey of property trends. - Winter 1997/98
260 _aLondon
_bGrimley
_c1997
300 _a1 pt. ; 30cm.
350 _a0
650 _aCOMPANIES
650 _aOCCUPIERS REQUIREMENTS
650 _aPROPERTY ASSETS
650 _aPROPERTY CONFIDENCE
650 _aPROPERTY HOLDINGS
650 _aPROPERTY REQUIREMENTS
690 _aPROPERTY-COMMERCIAL PROPERTY
710 _aConfederation of British Industry
_9414
942 _n0
948 _c15/01/1998
999 _c96865
_d96865